000 00457cam a22001097a 4500
008 180718b1982 xxu||||| |||| 00| 0 eng d
082 _aJ72096x54 J729 1
245 _aSeminar : on Urbanisation and planned economic development - present scenario and futurw prespectives
_cby Centre for the Study of Regional Development
260 _aNew Delhi
_bSchool of Social Sciences
_c1982
300 _av.p.
700 _aIndia. Centre for the Study of Regional Development
999 _c416151
_d416151